| 000 | 00484cam a2200193ua 4500 | ||
|---|---|---|---|
| 001 | 1250 | ||
| 008 | 110622n ii |||gr||||Z||||||eng | ||
| 040 | _cMAIN | ||
| 082 | _a330.9541 | ||
| 100 | _aBardoloi, G., | ||
| 245 | 1 | 1 |
_aEconomy in North East India. _cBy G Bordoloi. |
| 250 | _a1st. | ||
| 260 |
_aGowahati: _bBisitranarayan printing.,986. |
||
| 300 | _a313 p.:5 cm. | ||
| 653 | _aEconomics. | ||
| 653 | _aEconomy of North East India. | ||
| 700 | _aNeog, A K., | ||
| 942 | _cBK | ||
| 999 |
_c1154 _d1154 |
||